Central Library OPAC University of Rajshahi

The collected works of Mahatma Gandhi / (Record no. 27668)

MARC details
000 -LEADER
fixed length control field 01079cam a2200289 a 4500
001 - CONTROL NUMBER
control field 27668
003 - CONTROL NUMBER IDENTIFIER
rucl marc code BD-RjUL
005 - DATE AND TIME OF LATEST TRANSACTION
control field 20211209051203.0
008 - FIXED-LENGTH DATA ELEMENTS--GENERAL INFORMATION
fixed length control field 140325t1960 ii abch 001 0 eng d
035 ## - SYSTEM CONTROL NUMBER
System control number (BD-RJUL)27747
040 ## - CATALOGING SOURCE
Original cataloging agency DLC
Transcribing agency DLC
Modifying agency OCL
-- GTX
-- EQO
-- BD-RjUL
Language of cataloging eng
041 ## - LANGUAGE CODE
Language code of text/sound track or separate title eng
082 00 - DEWEY DECIMAL CLASSIFICATION NUMBER
Classification number 954.035092
Author mark and year GAC V-4 1960
100 1# - MAIN ENTRY--PERSONAL NAME
Personal name Gandhi,
Dates associated with a name 1869-1948.
9 (RLIN) 80575
245 14 - TITLE STATEMENT
Title The collected works of Mahatma Gandhi /
Statement of responsibility, etc. Mohandas Karamcand Gandhi
Number of part/section of a work IV
Name of part/section of a work (1903-1905)
260 ## - PUBLICATION, DISTRIBUTION, ETC. (IMPRINT)
Place of publication, distribution, etc. Delhi :
Name of publisher, distributor, etc. Publications Division, Ministry of Information and Broadcasting, Govt. of India,
Date of publication, distribution, etc. 1960.
300 ## - PHYSICAL DESCRIPTION
Pagination V-5 (520 p.) :
Illustrations ill., fold. maps, ports. ;
Size 21 cm.
500 ## - GENERAL NOTE
General note Some later volumes measure 25 cm.
General note Errata slips inserted in some volumes.
504 ## - BIBLIOGRAPHY, ETC. NOTE
Bibliography, etc Includes bibliographies and indexes.
600 10 - SUBJECT ADDED ENTRY--PERSONAL NAME
Personal name Gandhi,
Titles and other words associated with a name Mahatma,
Dates associated with a name 1869-1948.
651 #0 - SUBJECT ADDED ENTRY--GEOGRAPHIC NAME
Geographic name India
General subdivision Politics and government
Chronological subdivision 1919-1947.
9 (RLIN) 80578
Geographic name India
General subdivision History
Chronological subdivision British occupation, 1765-1947.
9 (RLIN) 80579
942 ## - ADDED ENTRY ELEMENTS (KOHA)
Source of classification or shelving scheme Dewey Decimal Classification
Koha item type Books
Holdings
Lost status Source of classification or shelving scheme Damaged status Not for loan Collection code Permanent Location Current Location Shelving location Date acquired Source of acquisition Total Checkouts Full call number Date last seen Copy number Koha item type
  Dewey Decimal Classification   Added to bundle Non-fiction Central Library, University of Rajshahi Central Library, University of Rajshahi Reading Room 22/06/1977 High Com. India, Rajshahi   954.035092 GAC V-4 1960 25/03/2014 C-1 Books